Statistics for Ipswich Town: The Premier League Years

Click here to take the quiz!

General Stats

  • This quiz has been taken 47 times
  • The average score is 8 of 16

Answer Stats

Answer% Correct
George Burley
91%
John Wark
83%
Marcus Stewart
80%
John Lyall
77%
Matt Holland
71%
Chris Kiwomya
69%
Marcus Bent
60%
Craig Forrest
46%
Mark Venus
43%
Ian Marshall
40%
Claus Thomsen
37%
David Linighan
37%
Mick Stockwell
37%
Hermann Hreiðarsson
23%
Frank Yallop
20%
Steve Palmer
17%

Score Distribution

Percentile by Number Answered

Percent of People with Each Score

Your Score History

You have not taken this quiz